77,000 churches. (Record no. 2846)

MARC details
000 -LEADER
fixed length control field 00630cam a22002411 4500
001 - CONTROL NUMBER
control field 7516407
003 - CONTROL NUMBER IDENTIFIER
control field GBCCL
005 - DATE AND TIME OF LATEST TRANSACTION
control field 20241126110441.0
008 - FIXED-LENGTH DATA ELEMENTS--GENERAL INFORMATION
fixed length control field 770616s1964 xx 000 0 eng
010 ## -
-- 64015099
035 ## - SYSTEM CONTROL NUMBER
System control number (OCoLC)3047170
040 ## - CATALOGING SOURCE
Original cataloging agency DLC
Transcribing agency OC
Modifying agency DLC
042 ## -
-- premarc
050 00 -
-- BX6235
-- .R68
082 ## - DEWEY DECIMAL CLASSIFICATION NUMBER
Classification number 286.173
Item number ROU
100 1# - MAIN ENTRY--PERSONAL NAME
Personal name Routh, Porter,
Dates associated with a name 1911-
9 (RLIN) 5966
245 10 - TITLE STATEMENT
Title 77,000 churches.
260 ## - PUBLICATION, DISTRIBUTION, ETC.
Place of publication, distribution, etc. Nashville,
Name of publisher, distributor, etc. Broadman Press
Date of publication, distribution, etc. [1964]
300 ## - PHYSICAL DESCRIPTION
Extent 128 p.
Dimensions 20 cm.
650 #0 - SUBJECT ADDED ENTRY--TOPICAL TERM
Topical term or geographic name entry element Baptists
Geographic subdivision United States.
9 (RLIN) 485
906 ## - LOCAL DATA ELEMENT F, LDF (RLIN)
a 7
b cbc
c oclcrpl
d u
e ncip
f 19
g y-gencatlg
942 ## - ADDED ENTRY ELEMENTS (KOHA)
Source of classification or shelving scheme Dewey Decimal Classification
Koha item type Books
Holdings
Withdrawn status Lost status Source of classification or shelving scheme Damaged status Not for loan Home library Current Library Shelving location Date acquired Total checkouts Full call number Barcode Date last seen Copy number Price effective from Koha item type
    Dewey Decimal Classification     GRACE BIBLE COLLEGE GRACE BIBLE COLLEGE Church History 2017-10-03   286.173 ROU 007380 2025-05-01 c.1 2017-10-03 Books
© Grace Bible College Library 2025